000 00602nam a2200205Ia 4500
008 151119s9999||||xx |||||||||||||| ||und||
082 _a181.48
082 _bGKKV33523
100 _aबेलसरे के वि
245 _aसार्थ मनाचे श्लोक
260 _a--
260 _b--
260 _c1988
300 _a192p.
600 _aबेलसरे के वि
630 _aसार्थ मनाचे श्लोक
700 _aबेलसरे के वि
730 _aसार्थ मनाचे श्लोक
942 _cBOOK
999 _c1085818
_d1085815